| 000 | 00571nam a2200169Ia 4500 | ||
|---|---|---|---|
| 005 | 20250603145507.0 | ||
| 008 | 250603s9999 xx 000 0 und d | ||
| 020 | _a9789789339600 | ||
| 050 | _aHN 31 .P43/ | ||
| 245 | 0 | _aPeace and security as imperatives for national development: a collection of papers presented at the 2011/2012 Quarterly lectures series of the institute for peace and conflict resolution | |
| 260 | _aAbuja | ||
| 260 | _bIstitute for Peace and Conflict Resolution (IPCR) | ||
| 260 | _c2013 | ||
| 300 | _a123 p | ||
| 650 | _aAbuja | ||
| 942 | _cBK | ||
| 999 |
_c42021 _d42021 |
||